000 01019nas a2200337 4500
001 BR2010002360
003 BR-BrBNA
005 20231205114830.0
007 ta
008 230509b bl.|||p| |||| 00| 00por d
040 _aBR-BrBNA
_bpor
_cBiblioteca Nacional de Agricultura
041 _a(Pt)
072 _aL01; Q04
100 1 _aFerrão, S.P.B.
100 1 _aBressan, M.C.
100 1 _aOliveira, R.P. de
100 1 _aPérez, J.R.O.
100 1 _aRodrigues, E.C.
100 1 _aNogueira, D.A.
245 1 _aCaracterísticas sensoriais da carne de cordeiros da raça Santa Inês submetidos a diferentes dietas
650 _aPRODUÇÃO DE CARNE
650 _aOVINOCULTURA
650 _aCORDEIRO
650 _aNUTRIÇÃO ANIMAL
650 _aDIETA
650 _aANÁLISE ORGANOLEPTICA
650 _aSABOR
773 0 _tCiência e Agrotecnologia (Brazil)
_xISSN 1413-7054
_g(Jan-Feb 2009), v. 33(1); p. 185-190
_wBR2010002360
909 _a202311
_bLúcia
_c55
_dLúcia Elande
942 _2AGRIS
_n0
_cANA
999 _c210720
_d210720